Southville International School and Colleges
Your cart is empty.
  • Cart
  • Lists
    Public lists Eva Luna New books Lux_list list_1
    Your lists Log in to create your own lists
  • Log in to your account
  • Your cookies
  • Search history
Southville International School and Colleges
  • Advanced search
  • Recent comments
  • Most popular
  • Libraries

Log in to your account

Log in with GOOGLE


If you do not have an external account, but do have a local account, you can still log in:

  1. Home
  2. MARC view: Alvin and the chipmunks :
Normal view MARC view ISBD view

Alvin and the chipmunks : (Record no. 343924)

[ view plain ]
MARC details
000 -LEADER
fixed length control field 00491nam a2200205Ia 4500
008 - FIXED-LENGTH DATA ELEMENTS--GENERAL INFORMATION
fixed length control field 170918s9999 xx 000 0 und d
020 ## - INTERNATIONAL STANDARD BOOK NUMBER
International Standard Book Number 9780062086587
050 ## - LIBRARY OF CONGRESS CALL NUMBER
Item number F514 2011
100 ## - MAIN ENTRY--PERSONAL NAME
Personal name Finn, Perdita
245 ## - TITLE STATEMENT
Title Alvin and the chipmunks :
245 ## - TITLE STATEMENT
Remainder of title chipwrecked /
245 ## - TITLE STATEMENT
Statement of responsibility, etc by Perdita Finn.
250 ## - EDITION STATEMENT
Edition statement First edition
260 ## - PUBLICATION, DISTRIBUTION, ETC. (IMPRINT)
Place of publication, distribution, etc USA :
260 ## - PUBLICATION, DISTRIBUTION, ETC. (IMPRINT)
Name of publisher, distributor, etc Harper,
260 ## - PUBLICATION, DISTRIBUTION, ETC. (IMPRINT)
Date of publication, distribution, etc 2011
300 ## - PHYSICAL DESCRIPTION
Extent 137 pages :
300 ## - PHYSICAL DESCRIPTION
Other physical details some color illustrations ;
300 ## - PHYSICAL DESCRIPTION
Dimensions 19cm.
Holdings
Withdrawn status Lost status Damaged status Home library Current library Date acquired Total Checkouts Full call number Barcode Date last seen Price effective from Koha item type
      Stonyhurst Southville International School (Malarayat) Stonyhurst Southville International School (Malarayat) 09/18/2017   GS FIC F514 2011 SSISM2996 09/18/2017 09/18/2017 Books

Alvin and the chipmunks :

APA

Finn P., .Alvin and the chipmunks. USA: .

Chicago

Finn Perdita, .Alvin and the chipmunks. USA: .

Harvard

Finn P., .Alvin and the chipmunks. USA: .

MLA

Finn Perdita, .USA: . .

  • Place hold
  • Print
  • Cite
  • Add to your cart (remove)
  • Save record
    BIBTEX Dublin Core MARCXML MARC (non-Unicode/MARC-8) MARC (Unicode/UTF-8) MARC (Unicode/UTF-8, Standard) MODS (XML) RIS
  • More searches
    Search for this title in:
    Other Libraries (WorldCat) Other Databases (Google Scholar) Online Stores (Bookfinder.com) Open Library (openlibrary.org)

Exporting to Dublin Core...

SOUTHVILLE LIBRARY

Southville International School and Colleges Library

1281 Tropical Ave. Cor. Luxembourg St., BF Homes International, Las Pinas City

Tel. No. 8256374 / 252358 Loc. 117/146

Powered by Koha